Score 0/18 Timer 06:00
7 Plays Today
% Correct
Animal
Gregory House
86.5%
Cosmo Kramer vs.
Cosmo Kramer
86%
Notting
Hank Hill
83.2%
The Rachel Green
Mile
81.9%
Veronica Mars
Attacks!
79.1%
A Patrick Star
Is Born
75.8%
Jon Snow
Falling on Cedars
72.3%
Saving Mr.
Carlton Banks
70.8%
Foxy
Murphy Brown
64.9%
% Correct
Howl's Moving
Richard Castle
60.8%
Dr. Johnny Fever
Pitch
59.9%
Street
Maxwell Smart
58.9%
Man on the
Daphne Moon
58.6%
Romancing the
Judge Harold T. Stone
56.9%
Walter White
Heat
56.5%
The Bridges of
Oscar Madison County
52.5%
Omar Little
Miss Sunshine
49%
The Walter Bishop's
Wife
44.2%
Come Together.
Have Fun.
All Virtual.
We all need to come together. Play Sporcle's virtual live trivia to have fun, connect with people, and get your trivia on. Join a live hosted trivia game for your favorite pub trivia experience done virtually. If a virtual private party is more your thing, go here for details.

You're not logged in!

Compare scores with friends on all Sporcle quizzes.
OR
Log In

Sporcle TV

Today on Sporcle TV


Watch our educational content, quiz creation guides, and fun videos on Sporcle TV.

Show Comments

Extras

Top Quizzes Today


Score Distribution

Paid Content

Your Account Isn't Verified!

In order to create a playlist on Sporcle, you need to verify the email address you used during registration. Go to your Sporcle Settings to finish the process.

Report this User

Report this user for behavior that violates our Community Guidelines.

Details: